000
00282nam a2200109Ia 4500
008
231120s2018 xx 000 0 und d
041
_a
eng
100
_a
KLAUS MEIER PAUKEN
245
_a
QUICK & LIVELY URBAN SKETCHING
260
_a
SEARCH PRESS
_b
SEARCH PRESS
_c
2018
300
_a
P-64
999
_c
933441
_d
933441